| 000 | 00791nam a2200205Ia 4500 | ||
|---|---|---|---|
| 008 | 241004s9999 xx 000 0 und d | ||
| 020 | _a9788195003716 | ||
| 037 | _aTextbook | ||
| 040 |
_aARTS _bhin _cARTS |
||
| 041 |
_ahin _2hin |
||
| 084 |
_aO44,1:1:g(P:75) 152R1 _qARTS |
||
| 100 | _aमहेंद्र मधुकर, ले. | ||
| 245 |
_aभारतीय काव्यशास्त्र में उपमा अलंकार _cमहेंद्र मधुकर, ले. |
||
| 260 |
_aभारत _bनई दिल्ली, विद्या बुक्स, _c2022 |
||
| 300 | _a295पृ0 | ||
| 365 |
_aINR _b880 |
||
| 650 |
_aIndian Poetry Linguistics _9724584 |
||
| 942 |
_cTB _hO44,1:1:g(P:75) 152R1 |
||
| 999 |
_c1218709 _d1218709 |
||